Click Timeline: World War II Events - Statistics

General Stats
  • This quiz has been taken 5,465 times
  • The average score is 8 of 14
Answers on the Map
Answers color-coded by a green-red scale on the quiz's map according to % correct below.
 
Answer Stats
Answer % Correct
Germany invades Poland
92%
Japan surrenders
69%
Atomic bombings of Hiroshima and Nagasaki
64%
Attack on Pearl Harbor
62%
Germany surrenders
61%
Battle of France (1)
59%
Germany invades Soviet Union
54%
Battle of Britain
53%
Dunkirk evacuation
52%
Battle of Stalingrad
48%
Normandy landings
47%
Italy surrenders
40%
Battle of the Bulge
38%
Battle of Midway
32%
No matching quizzes found
Score Distribution
Percent of People with Each Score
Percentile by Number Answered
Your Score History
You have not taken this quiz